Πλουτάρχου περί Ίσιδος και Οσίριδος
Αποθηκεύτηκε σε:
| Κύριος συγγραφέας: | |
|---|---|
| Άλλοι συγγραφείς: | |
| Μορφή: | Βιβλίο |
| Γλώσσα: | Greek Ancient Greek |
| Δημοσίευση: |
Εν Αθήναις :
Πάπυρος,
1955.
|
| Σειρά: | Βιβλιοθήκη "Παπύρου" ;
206, 211 Βιβλιοθήκη "Παπύρου". Τα άπαντα των αρχαίων Ελλήνων συγγραφέων. |
| Θέματα: | |
| Ετικέτες: |
Προσθήκη ετικέτας
Δεν υπάρχουν, Καταχωρήστε ετικέτα πρώτοι!
|
MARC
| LEADER | 00000cam a2200000 i 4500 | ||
|---|---|---|---|
| 001 | 1/95652 | ||
| 008 | 081017s1955 gr | ||| |||| ||gre|| | ||
| 035 | |l 10100980 | ||
| 040 | |a GR-MY-UA |b gre |e aacr | ||
| 041 | 1 | |a gre |h grc | |
| 082 | 7 | |a 888.01 |2 (22) | |
| 100 | 0 | |a Πλούταρχος, |d 46-120. | |
| 245 | 1 | 0 | |a Πλουτάρχου περί Ίσιδος και Οσίριδος / |c εισαγωγή, κριτικαί παρατηρήσεις, κείμενον, μετάφρασις, υπομνηματικαί επισημειώσεις υπό Λεωνίδου Ιω. Φιλιππίδου. |
| 260 | |a Εν Αθήναις : |b Πάπυρος, |c 1955. | ||
| 300 | |a τ. ; |c 21 εκ. | ||
| 490 | 1 | |a (Βιβλιοθήκη Παπύρου ; |v 206, 211) | |
| 490 | 1 | |a (Τα άπαντα των αρχαίων ελλήνων συγγραφέων) | |
| 500 | |a Αντικριστές σελίδες στα αρχαία και νέα ελληνικά. | ||
| 600 | 0 | 7 | |2 nlgaf |a Πλούταρχος, |d 46-120. |
| 650 | 0 | 0 | |a Greek literature, Hellenistic. |
| 650 | 0 | 0 | |a Rhetoric |x Greece. |
| 650 | 0 | 0 | |a Philosophy, Ancient. |
| 700 | 1 | |a Φιλιππίδης, Λεωνίδας Ιω., |d 1898-1973, |e aui |e trl | |
| 830 | 0 | |a Βιβλιοθήκη "Παπύρου" ; |v 206, 211 | |
| 830 | 0 | |a Βιβλιοθήκη "Παπύρου". |p Τα άπαντα των αρχαίων Ελλήνων συγγραφέων. | |
| 852 | |a INST |b RHODES |c AKA |e 20081017 |h 888.01 ΠΛΟ |p 005400031012 |q 005400031012 |t BK |v τομ.1: |y 0 | ||
| 852 | |a INST |b RHODES |c AKA |e 20220926 |h 888.01 ΠΛΟ |p 005400043074 |q 005400043074 |t BK |v τομ.2: |y 0 | ||
| 901 | |a BIBL4-2008-3 | ||
| 909 | |a Ρ |b 153368 | ||
| 970 | |a ΚΟΖΑ |b ΜΑΡΙΑ |z 2008/10/17 | ||